000 00420 a2200157 4500
001 150178
040 _cEscola São Tomás de Aquino
100 _aARANTES, Olivia Marcia Nagy
240 1 0 _aO que é preciso saber sobre clonagem e transgênicos
_lpor
245 1 0 _aO que é preciso saber sobre clonagem e transgênicos
300 _a93
362 0 _a2003
440 1 _aLoyola
697 _aCIÊNCIAS
942 _cBK
999 _c150178
_d150178